Guess the footballer born in the year 2000 - Statistics

General Stats
  • This quiz has been taken 26 times
  • The average score is 9 of 16
Answer Stats
Picture Answer % Correct
Erling Haaland
100%
Vinicius Junior
92%
Sandro Tonali
88%
Emile Smith Rowe
84%
Conor Gallagher
72%
Callum Hudson-Odoi
68%
Mikkel Damsgaard
68%
Wesley Fofana
68%
Oliver Skipp
64%
Morgan Gibbs-White
60%
Pedro Neto
44%
Sven Botman
36%
Fabio Vieira
32%
Jakub Kiwior
32%
Brenden Aaronson
16%
Tetê
16%
No matching quizzes found
Score Distribution
Percent of People with Each Score
Percentile by Number Answered
Your Score History
You have not taken this quiz